00420nam a2200157Ia 45000010006000000050017000060080041000230410008000640820016000721000027000882450109001152600009002243000013002336500008002466540008002541627020260306170257.0260306t2002||||xx |||||||||||||| ||und|| aESP a347.51bS64 aBrunetti, AntonioeAUT 0aSociedades mercantiles:bSociedades de responsabilidad limitada y cooperativa, y mutualidades de seguros c2002 ac28 cm. aGEN aCDE